| 000 | 004030000a22001690004500 | ||
|---|---|---|---|
| 003 | MACL | ||
| 005 | 20160106120141.0 | ||
| 008 | 160106b xxu||||| |||| 00| 0 eng d | ||
| 040 |
_aMACL _cMACL |
||
| 041 | _aEnglish | ||
| 082 | _a823/RHY | ||
| 100 |
_aBeaumont, Mary _928470 |
||
| 245 | _aJoan Seaton | ||
| 260 |
_bJ M Dent & Sons LTD _aLondon |
||
| 650 |
_aFiction _928471 |
||
| 942 |
_cBK _k823/RHY _2ddc |
||
| 999 |
_c39341 _d39341 |
||